000 00442nam a2200181Ia 4500
001 11930
005 20260306162904.0
008 260306t2019||||xx |||||||||||||| ||spa||
041 _aESP
082 _aHR 330
_bENE-JUN 2019 AEC
100 _aChevarria León, Fernando
_eAUT
245 0 _aAmérica economía
260 _c2019
300 _avarias paginaciones :
_c27 cm.
650 _aGEN
654 _aCAN
942 _cREV
_dJUS
_fJUS
_2ddc
_n
999 _c11930
_d11930